Implementácia automatizačných prvkov do rozvodnej siete budovy
Salvato in:
| Autore principale: | |
|---|---|
| Altri autori: | |
| Natura: | Manoscritto Libro |
| Lingua: | slovacco |
| Pubblicazione: |
2019
|
| Soggetti: | |
| Accesso online: | http://is.stuba.sk/zp/portal_zp.pl?podrobnosti=138166 |
| Tags: |
Nessun Tag, puoi essere il primo ad aggiungerne!!
|
MARC
| LEADER | 00000ntm a22000003a 4500 | ||
|---|---|---|---|
| 001 | stuzp75553 | ||
| 003 | SK-STU | ||
| 005 | 20190608213658.5 | ||
| 007 | ta | ||
| 008 | 150427s2015----xo-----f-mn---000-0-slo-d | ||
| 040 | |a STU |b slo | ||
| 041 | 0 | |a slo | |
| 100 | 1 | |a Nezval, Martin |u 020020 |k Z4 |4 aut |U SjF Strojnícka fakulta |T SjF Ústav automatizácie, merania a aplikovanej informatiky |X 55514 |U J0020 |Y 802 |7 55514 | |
| 242 | 0 | 1 | |a Implementation of automation elements into the building grid |y eng |
| 245 | 1 | 0 | |a Implementácia automatizačných prvkov do rozvodnej siete budovy |
| 260 | |c 2019 | ||
| 650 | 4 | |a rozvodná sieť |2 slo | |
| 650 | 4 | |a E-Plan |2 slo | |
| 650 | 4 | |a inovacie |2 slo | |
| 650 | 4 | |a centrálny batériový systém |2 slo | |
| 650 | 4 | |a inteligentné budovy |2 slo | |
| 650 | 4 | |a smart building |2 eng | |
| 650 | 4 | |a central battery system |2 eng | |
| 650 | 4 | |a E-plan |2 eng | |
| 650 | 4 | |a innovation |2 eng | |
| 700 | 1 | |a Šišmišová, Dana |u 020020 |k Z2 |4 ths |U SjF Strojnícka fakulta |T SjF Ústav automatizácie, merania a aplikovanej informatiky |X 14613 |U J0020 |Y 802 |7 A000014613 | |
| 856 | 4 | |u http://is.stuba.sk/zp/portal_zp.pl?podrobnosti=138166 | |
| 996 | |b 284J045999 |c J* 3109/DDP |l JJSK |s A |a 24 |w stuzp75553_0001 | ||